000 01323cam a2200337 a 4500
001 12868838
003 OSt
005 20230606151521.0
008 020507s2000 za b 000 0 eng
010 _a 2001314142
020 _a0797421432
035 _a(DLC) 2001314142
040 _aDLC
_cDLC
_dDLC
042 _alcode
043 _afe-----
050 0 0 _aPN1990.6.A35
_bU56 2000
082 0 0 _a384.54/09676
_bWAN
245 0 0 _aUp in the air :
_bthe state of broadcasting in eastern Africa /
_ceditor, Lynne Muthoni Wanyeki.
246 3 0 _aState of broadcasting in eastern Africa
260 _aLusaka, Zambia :
_bPanos Southern Africa ;
_aHarare, Zimbabwe :
_bWeaver Press,
_cc2000.
300 _a140 p. ;
_c21 cm.
500 _a"Analysis and trends in five countries"--Cover.
504 _aIncludes bibliographical references.
505 0 _aEthiopia / Brook Hailu -- Kenya / Rose Lukalo and Lynne Muthoni Wanyeki -- Somalia / Abdalla Musa Abdi -- Tanzania / Pudenciana Temba -- Uganda / Richard Baguma, George Lugalambi and Dorothy Zawadi.
650 0 _aBroadcasting
_zAfrica, Eastern.
700 1 _aWanyeki, Lynne Muthoni,
_d1972-
710 2 _aPanos Southern Africa.
906 _a7
_bcbc
_corigode
_d3
_encip
_f20
_gy-gencatlg
942 _2ddc
_cBK
999 _c721
_d721